Most popular German last names - Statistics

General Stats
  • This quiz has been taken 235 times
  • The average score is 6 of 15
Answer Stats
German last name Anglicization % Correct
Fischer Fisherman
88%
Schmidt Smith
85%
Muller Miller
84%
Koch Cook
69%
Klein Small/ Short/ Tiny
60%
Becker Baker
52%
Bauer Farmer/ Peasant
45%
Richter Judge
37%
Weber Weaver
21%
Schneider Tailor
20%
Schroder Tailor/ Wine shipper
20%
Schafer Shepard
10%
Wagner Wainwright
2%
Schulz Sheriff
1%
Hoffman Stewart/ Courtier
1%
No matching quizzes found
Score Distribution
Percent of People with Each Score
Percentile by Number Answered
Your Score History
You have not taken this quiz